Setembrada / (Registro nro. 881)
[ vista simple ]
| 000 -LEADER | |
|---|---|
| fixed length control field | 01473nam a22002537a 4500 |
| 003 - CONTROL NUMBER IDENTIFIER | |
| control field | AR-RoUNCS |
| 005 - DATE AND TIME OF LATEST TRANSACTION | |
| control field | 20260206104143.0 |
| 008 - FIXED-LENGTH DATA ELEMENTS--GENERAL INFORMATION | |
| fixed length control field | 050623s2001 ag gr 001 f spa |
| 015 ## - NATIONAL BIBLIOGRAPHY NUMBER | |
| National bibliography number | AR-2001 |
| 020 ## - INTERNATIONAL STANDARD BOOK NUMBER | |
| International Standard Book Number | 950-511-694-2 |
| 040 ## - CATALOGING SOURCE | |
| Original cataloging agency | AR-BaBN |
| Language of cataloging | spa |
| Transcribing agency | AR-RoUNCS |
| Description conventions | aacr |
| 044 ## - COUNTRY OF PUBLISHING/PRODUCING ENTITY CODE | |
| MARC country code | ag |
| ISO country code | ar-c |
| 080 1# - UNIVERSAL DECIMAL CLASSIFICATION NUMBER | |
| Universal Decimal Classification number | 82-32(82) |
| Edition identifier | 2016 |
| 100 1# - MAIN ENTRY--PERSONAL NAME | |
| Personal name | Belgrano Rawson, Eduardo, |
| Dates associated with a name | 1943- |
| Relator term | autor |
| Relationship | aut |
| 245 10 - TITLE STATEMENT | |
| Title | Setembrada / |
| Statement of responsibility, etc. | Eduardo Belgrano Rawson. |
| 250 ## - EDITION STATEMENT | |
| Edition statement | 1a ed. |
| 260 ## - PUBLICATION, DISTRIBUTION, ETC. | |
| Place of publication, distribution, etc. | Buenos Aires : |
| Name of publisher, distributor, etc. | Alfaguara, |
| Date of publication, distribution, etc. | 2001. |
| 300 ## - PHYSICAL DESCRIPTION | |
| Extent | 173 p. ; |
| Dimensions | 22 cm. |
| 520 3# - SUMMARY, ETC. | |
| Summary, etc. | Cada mañana, un globo cautivo levanta vuelo a través del manto neblinoso para observar la mayor guerra librada en América […]. Una patrulla debe internarse en la selva para volar la fortaleza enemiga. Sus cuatro integrantes conforman una extraña hermandad. Bebeto añora su guitarra perdida; el Chino y su novia, Silvaninha, sueñan con abrir una cantina detrás de las trincheras; Universo, que fue maestro y ahora es desertor, busca sin descanso a sus pequeños alumnos, finalmente convertidos en máquinas de matar. Un relato cautivante sobre la amistad y la guerra. Una historia de amor conmovedora, que atrapa al lector y confirma el estilo único de un escritor insoslayable. |
| Assigning source | (Descripción del editor). |
| 561 1# - OWNERSHIP AND CUSTODIAL HISTORY | |
| Materials specified | Inventario 01257527: |
| Institution to which field applies | AR-BaBN |
| 650 #7 - SUBJECT ADDED ENTRY--TOPICAL TERM | |
| Source of heading or term | embne |
| Topical term or geographic name entry element | Literatura argentina |
| 655 #4 - INDEX TERM--GENRE/FORM | |
| Genre/form data or focus term | Novelas históricas |
| 942 ## - ADDED ENTRY ELEMENTS (KOHA) | |
| Source of classification or shelving scheme | Universal Decimal Classification |
| Koha item type | Libro de préstamo a domicilio |
| Suppress in OPAC | No |
| Withdrawn status | Lost status | Source of classification or shelving scheme | Damaged status | Not for loan | Collection | Home library | Current library | Date acquired | Source of acquisition | Total checkouts | Full call number | Barcode | Date last seen | Price effective from | Koha item type |
|---|---|---|---|---|---|---|---|---|---|---|---|---|---|---|---|
| Universal Decimal Classification | Colección General | Biblioteca Escuela de Ciencias Sociales | Biblioteca Escuela de Ciencias Sociales | 06/02/2026 | Donación 2023 | 82-32(82) B429 | 000219 | 06/02/2026 | 06/02/2026 | Libro de préstamo a domicilio |